Normal view
MARC view
- Fred L. Fry
Entry Personal Name
001 - CONTROL NUMBER
- control field: 125918
003 - CONTROL NUMBER IDENTIFIER
- control field: NUST
005 - DATE AND TIME OF LATEST TRANSACTION
- control field: 20240920103344.0
008 - FIXED-LENGTH DATA ELEMENTS
- fixed length control field: 240920|| aca||aabn | a|a d
040 ## - CATALOGING SOURCE
- Original cataloging agency: NUST
- Transcribing agency: NUST
100 ## - HEADING--PERSONAL NAME
- Personal name: Fred L. Fry
670 ## - SOURCE DATA FOUND
- Source citation: Work cat.: (NUST): Fred L. Fry, Business An integrative approach , 2004.
